000 00738nam a2200229 a 4500
999 _c11855
_d11855
001 11855
003 BD-JhCC
005 20220731134024.0
008 201121s20102019bg |||| ||a| 000 0 ben d
020 _a9848729828
035 _a(BD-JhCC)11855
040 _aBD-JhCC
_dBD-JhCC
041 _aben
082 _a891.4435
_bUDD 2019
100 _aউদ্দিন, মোহাম্মদ নাজিম
245 _aনেমেসিস /
_cমোহাম্মদ নাজিম উদ্দিন ।
260 _aঢাকা:
_bবাতিঘর প্রকাশনী;
_c২০১৯.
300 _a২৭১ পৃ. :
_c২২ সেমি.
650 _aDetective Stories
942 _2ddc
_cBK
_025